Formal versus bounded norms in the psychology of rationality: toward a multilevel analysis of their relationship (Record no. 510590)

000 -LEADER
fixed length control field 01304nam a2200157 4500
008 - FIXED-LENGTH DATA ELEMENTS--GENERAL INFORMATION
fixed length control field 190826b ||||| |||| 00| 0 eng d
100 ## - MAIN ENTRY--PERSONAL NAME
Personal name Sturm, Thomas
245 ## - TITLE STATEMENT
Title Formal versus bounded norms in the psychology of rationality: toward a multilevel analysis of their relationship
260 ## - PUBLICATION, DISTRIBUTION, ETC. (IMPRINT)
Date of publication, distribution, etc 2019
300 ## - PHYSICAL DESCRIPTION
Extent p.190-209.
520 ## - SUMMARY, ETC.
Summary, etc It is often claimed that formal and optimizing norms of the standard conception of rationality and the heuristics of the bounded rationality approach are at odds with one another. This claim, I argue, is an overly complex one. In order to discuss it adequately, I introduce two sets of distinctions: (a) a system of different kinds of relations between conceptions of rationality, namely relations of elimination, compatibility, and complementarity, and (b) three different levels of possible relations between rules of different theories of rationality—the levels of empirical explanation, normative justification, and normative prescription. I argue that formal and bounded rules are compatible and complementary at the levels of explanation and justification, but probably not so at the level of prescription. - Reproduced.
650 ## - SUBJECT ADDED ENTRY--TOPICAL TERM
Topical term or geographic name as entry element Rationality
9 (RLIN) 8833
773 ## - HOST ITEM ENTRY
Main entry heading Philosophy of the Social Sciences
906 ## - LOCAL DATA ELEMENT F, LDF (RLIN)
Subject DIP Rationalism
942 ## - ADDED ENTRY ELEMENTS (KOHA)
Source of classification or shelving scheme
Item type Articles
Holdings
Withdrawn status Lost status Source of classification or shelving scheme Damaged status Not for loan Permanent location Current location Date acquired Serial Enumeration / chronology Barcode Date last seen Koha item type
          Indian Institute of Public Administration Indian Institute of Public Administration 2019-08-26 49(3), Jun, 2019: p.190-209. AR120506 2019-08-26 Articles

Powered by Koha